00244 a2200121 4500001000700000020000600007040001100013100002000024240003100044245002600075362000900101440001200110170273 a  cMagnum aBrezina, Thomas10aA maldicao das bruxaslpor10aA maldicao das bruxas0 a1899 1aÁtica